[Event "Young Masters"]
[Site "Cuernavaca MEX"]
[Date "2006.02.10"]
[Round "8"]
[White "Karjakin,Sergey"]
[Black "Nakamura,H"]
[Result "1/2-1/2"]
[WhiteElo "2660"]
[BlackElo "2644"]

1.e4 e6 2.d4 d5 3.Nc3 Nf6 4.e5 Nfd7 5.f4 c5 6.Nf3 Nc6 7.Be3 Rb8 8.Qd2 Qa5
9.dxc5 Bxc5 10.Bxc5 Qxc5 11.Nb5 O-O 12.O-O-O Qb6 13.Kb1 Nc5 14.Qe3 Bd7 15.Nd6 f6
16.Bd3 fxe5 17.fxe5 h6 18.Rhe1 Be8 19.Nxe8 Rbxe8 20.Bf1 Rf7 21.c3 Ref8 22.Bd3 Na4
23.Qxb6 Nxb6 24.b3 a6 25.Kc1 Rf4 26.Re3 Nd7 27.Rd2 g5 28.h3 Kg7 29.Kd1 b5
30.Be2 Nc5 31.Ke1 Rc8 32.Nd4 Kf7 33.Bf3 Nxd4 34.cxd4 Ne4 35.Bxe4 dxe4 36.Ke2 Rc1
37.Rd1 Rc2+ 38.Rd2 Rc1 39.Rd1 Rc8 40.Rd2 Rc1  1/2-1/2

[Event "Young Masters"]
[Site "Cuernavaca MEX"]
[Date "2006.02.11"]
[Round "9"]
[White "Nakamura,H"]
[Black "Cheparinov,I"]
[Result "1-0"]
[WhiteElo "2644"]
[BlackElo "2625"]

1.d4 d5 2.c4 c6 3.Nc3 Nf6 4.Nf3 e6 5.Bg5 dxc4 6.e4 b5 7.e5 h6 8.Bh4 g5 9.Nxg5 hxg5
10.Bxg5 Nbd7 11.g3 Qa5 12.exf6 Ba6 13.a3 O-O-O 14.Bg2 Nc5 15.O-O Nb3 16.Qf3 Bb7
17.Rad1 b4 18.Ne4 bxa3 19.bxa3 Rd5 20.Be3 Bxa3 21.h4 c3 22.Qe2 Bb2 23.Qc2 Na1
24.Rxa1 Bxa1 25.Nc5 Rxc5 26.dxc5 Bb2 27.Rd1 Rd8 28.Be4 Rxd1+ 29.Qxd1 c2 30.Bxc2 Bxf6
31.Qh5 Qc7 32.Qh7 Ba6 33.Qg8+ Kb7 34.h5 Bc4 35.h6 Bd5 36.h7 Qe5 37.Qxf7+ Kc8
38.Qe8+ Kb7 39.Qd7+ Qc7 40.Qxc7+ Kxc7 41.g4 Kd7 42.g5 Bh8 43.g6 Ke7 44.Bg5+  1-0

[Event "US Amateur Team East"]
[Site "Parsippany USA"]
[Date "2006.02.19"]
[Round "4"]
[White "Peterson,W"]
[Black "Nakamura,H"]
[Result "1-0"]
[WhiteElo "2238"]
[BlackElo "2644"]

1.e4 g6 2.d4 d6 3.Nf3 Bg7 4.Be2 e6 5.O-O Ne7 6.c4 O-O 7.Nc3 Nd7 8.Be3 e5
9.Qd2 f5 10.Bh6 fxe4 11.Nxe4 Bxh6 12.Qxh6 Rf4 13.dxe5 dxe5 14.Rad1 Qf8 15.Qxf8+ Nxf8
16.Nc3 Bg4 17.Rfe1 Nc6 18.Nd5 Rf7 19.Ng5 Bxe2 20.Rxe2 Rf5 21.h4 h5 22.Nxc7 Rc8
23.Nd5 Kg7 24.b3 Nh7 25.Ne3 Nf6 26.Nxf5+ gxf5 27.Rd6 a6 28.Red2 b5 29.cxb5 Nd4
30.f3 Nxb5 31.Rxa6 e4 32.Rb6 Nc3 33.Rdd6 Ncd5 34.Rbc6 Re8 35.Re6 Rf8 36.fxe4 fxe4
37.Nxe4 Ng4 38.Rg6+ Kh8 39.Rc5 Nf4 40.Rxh5+ Nxh5 41.Rxg4 Ra8 42.a4 Rb8  1-0

[Event "ch-USA GpA"]
[Site "San Diego USA"]
[Date "2006.03.02"]
[Round "1"]
[White "Nakamura,H"]
[Black "Friedel,J"]
[Result "0-1"]
[WhiteElo "2644"]
[BlackElo "2455"]

1.Nf3 d5 2.c4 c6 3.e3 e6 4.Qc2 Bd6 5.Nc3 f5 6.h3 Nf6 7.g4 O-O 8.gxf5 exf5
9.b3 Qe7 10.Bb2 Na6 11.Rg1 Bd7 12.cxd5 Nb4 13.Qb1 cxd5 14.a3 Nc6 15.Nxd5 Nxd5
16.Bc4 Be6 17.Rxg7+ Qxg7 18.Bxg7 Kxg7 19.Qb2+ Rf6 20.O-O-O h6 21.d3 Kf7 22.e4 fxe4
23.dxe4 Rxf3 24.exd5 Bf4+ 25.Kb1 Bf5+ 26.Ka2 Ne5 27.d6+ Kg6 28.Be2 Rxh3 29.Qd4 Rf8
30.Bb5 Be6 31.Qe4+ Kh5 32.Be2+ Kh4 33.d7 Bxd7 34.Rxd7 Nxd7 35.Qe7+ Bg5 36.Qxd7 Rf4
37.f3 Rh2 38.Qd3 Kg3 39.b4 Rf2 40.Kb1 Kg2 41.Bd1 Bh4 42.Qg6+ Bg3 43.Bc2 h5
44.Qxh5 Rc4 45.Be4 Rd4 46.f4+ Rxe4 47.Qd5 Re2 48.Qxb7 Kg1  0-1

[Event "ch-USA GpA"]
[Site "San Diego USA"]
[Date "2006.03.05"]
[Round "3"]
[White "Baginskaite,C"]
[Black "Nakamura,H"]
[Result "1-0"]
[WhiteElo "2299"]
[BlackElo "2644"]

1.d4 d5 2.c4 e6 3.Nc3 c5 4.cxd5 cxd4 5.Qa4+ b5 6.Nxb5 Bd7 7.d6 Bxb5 8.Qxb5+ Nd7
9.Nf3 Bxd6 10.g3 Nf6 11.Bg2 Rb8 12.Qa4 e5 13.O-O O-O 14.Qxa7 Ra8 15.Qb7 Nc5
16.Qb5 Qc7 17.Nd2 Rfb8 18.Qc4 Ra4 19.Qc2 Qe7 20.b3 Ra6 21.Bb2 Qa7 22.a3 h5
23.Rac1 h4 24.b4 Na4 25.Ba1 Nb6 26.Bb2 Na4 27.Ba1 Qd7 28.Ne4 Nxe4 29.Qxe4 h3
30.Bf3 Nb6 31.Bg4 Qe7 32.Bb2 Na4 33.Ba1 Nb6 34.e3 Rxa3 35.exd4 Ra4 36.dxe5 Bxb4
37.e6 Bc3 38.exf7+ Qxf7 39.Qe6 Bxa1 40.Rxa1 Rxa1 41.Rxa1 Nd5 42.Bxh3 Nf6
43.Ra7 Qxe6 44.Bxe6+ Kh8 45.h4 Rb6 46.Bf5 Rb8 47.Kg2 Rf8 48.Bg6 Ng4 49.f4 Kg8
50.h5 Kh8 51.Kh3 Nf6 52.Kh4 Rd8 53.g4 Rf8 54.Kg5 Ng8 55.Bf5 Nh6 56.Be6 Kh7
57.f5 Kh8 58.Kf4 Re8 59.g5 Ng8 60.Ke5 Ne7 61.Rc7  1-0

[Event "ch-USA GpA"]
[Site "San Diego USA"]
[Date "2006.03.06"]
[Round "4"]
[White "Nakamura,H"]
[Black "Epstein,E"]
[Result "1-0"]
[WhiteElo "2644"]
[BlackElo "2178"]

1.e4 c5 2.Nf3 e6 3.d4 cxd4 4.Nxd4 a6 5.Bd3 Nf6 6.O-O Qc7 7.Qe2 d6 8.c4 Be7
9.b3 O-O 10.Bb2 Re8 11.Nd2 Nc6 12.Nxc6 Qxc6 13.f4 Qc5+ 14.Kh1 Qh5 15.Nf3 Bd7
16.Rae1 b5 17.e5 bxc4 18.bxc4 dxe5 19.fxe5 Ng4 20.h3 Nh6 21.Qc2 Nf5 22.Kh2 Nh4
23.Nxh4 Bxh4 24.Re4 Bg5 25.Rg4 Rab8 26.Bc3 g6 27.Qf2 Rf8 28.Qa7 Ra8 29.Qxd7 Rad8
30.Qb7 Rxd3 31.Bb4 Bh6 32.Bxf8 Qxe5+ 33.Kh1  1-0

[Event "ch-USA GpA"]
[Site "San Diego USA"]
[Date "2006.03.08"]
[Round "6"]
[White "Nakamura,H"]
[Black "Goletiani,R"]
[Result "1-0"]
[WhiteElo "2644"]
[BlackElo "2378"]

1.e4 c5 2.Nf3 e6 3.d4 cxd4 4.Nxd4 a6 5.Nc3 Qc7 6.Bd3 Bd6 7.Qd2 Be7 8.f4 d6
9.O-O Nf6 10.Kh1 b5 11.a4 b4 12.Nce2 Bb7 13.Qe3 Nbd7 14.Nb3 g6 15.Bd2 Nc5
16.Nxc5 Qxc5 17.Qf3 d5 18.e5 Ne4 19.Be3 Qc7 20.a5 Bc5 21.Rfc1 Bxe3 22.Qxe3 O-O
23.Qd4 Qc5 24.Ra4 Rac8 25.Qxc5 Rxc5 26.Rxb4 Ba8 27.Ra1 Nf2+ 28.Kg1 Nxd3 29.cxd3 d4
30.Nxd4 g5 31.g3 Rfc8 32.Kf2 Kg7 33.Rb6 gxf4 34.gxf4 Rc1 35.Rxc1 Rxc1 36.Rxa6 Bd5
37.f5 Rh1 38.fxe6 fxe6 39.Nxe6+ Bxe6 40.Rxe6 Rxh2+ 41.Kg3 Rxb2 42.a6 Rb3
43.Rd6 Kf7 44.Kg4 Ke7 45.a7 Ra3 46.Rh6 Ra1 47.d4 Ra4 48.Kf5  1-0

[Event "ch-USA GpA"]
[Site "San Diego USA"]
[Date "2006.03.09"]
[Round "7"]
[White "De Firmian,N"]
[Black "Nakamura,H"]
[Result "0-1"]
[WhiteElo "2547"]
[BlackElo "2644"]

1.e4 e6 2.d4 d5 3.Nc3 Nf6 4.Bg5 Bb4 5.e5 h6 6.Bd2 Bxc3 7.bxc3 Ne4 8.Qg4 g6
9.Bd3 Nxd2 10.Kxd2 c5 11.Nf3 c4 12.Be2 Nd7 13.h4 Qe7 14.a3 b6 15.Kc1 Bb7
16.Nd2 O-O-O 17.f4 f5 18.exf6 Nxf6 19.Qh3 h5 20.Qe3 Rhf8 21.g3 Bc6 22.Re1 b5
23.Bf1 Rd6 24.Nf3 Bd7 25.Ne5 Rg8 26.Bg2 Ra6 27.Kb2 Ne8 28.Nf3 Nc7 29.Ng5 Ra4
30.Bh3 Re8 31.Qe5 a5 32.Qe3 Kb7 33.Nf3 Ra8 34.Reb1 Kc8 35.Qe1 Rb8 36.Ne5 Be8
37.Nf3 Rb6 38.Ne5 b4 39.axb4 axb4 40.Rxa4 Bxa4 41.Kc1 b3 42.cxb3 Qa3+ 43.Kd2 Qa2+
44.Ke3 Rxb3 45.Rc1 Qh2 46.Bf1 Nb5 47.Nxc4 dxc4 48.Bxc4 Rb2 49.Bxe6+ Kd8 50.f5 gxf5
51.Bxf5 Nd6 52.Bd3 Rg2 53.d5 Rxg3+ 54.Kd4 Qxh4+ 55.Kc5 Qf4 56.Qe6 Nb7+  0-1

[Event "ch-USA GpA"]
[Site "San Diego USA"]
[Date "2006.03.10"]
[Round "8"]
[White "Nakamura,H"]
[Black "Gurevich,D"]
[Result "1-0"]
[WhiteElo "2644"]
[BlackElo "2503"]

1.e4 c5 2.Nf3 d6 3.d4 cxd4 4.Nxd4 Nf6 5.Nc3 g6 6.Be3 Bg7 7.f3 Nc6 8.Bc4 Qb6
9.Bb5 Qc7 10.Nd5 Nxd5 11.exd5 a6 12.Nxc6 Bxb2 13.Ba4 O-O 14.Rb1 Bc3+ 15.Kf2 bxc6
16.Bb6 Qb8 17.Bxc6 Ra7 18.Qd3 Bf6 19.Qe3 Rb7 20.Bxb7 Qxb7 21.c4 Bf5 22.Rb3 Qd7
23.Bd4 Qa4 24.Bxf6 exf6 25.Rc1 Qxa2+ 26.Kg3 h5 27.h4 Kg7 28.Rb6 Rd8 29.Qd4 Qe2
30.c5 Qe7 31.c6 a5 32.Qc3 Re8 33.c7 a4 34.Rb8 Bc8 35.Ra8 Qd7 36.Re1 Re5 37.Rxe5 fxe5
38.Qc4 f5 39.Qxa4 f4+ 40.Kf2  1-0

[Event "ch-USA GpA"]
[Site "San Diego USA"]
[Date "2006.03.11"]
[Round "9"]
[White "Onischuk,Al"]
[Black "Nakamura,H"]
[Result "1/2-1/2"]
[WhiteElo "2650"]
[BlackElo "2644"]

1.d4 Nf6 2.c4 e6 3.Nf3 c5 4.d5 exd5 5.cxd5 d6 6.Nc3 g6 7.h3 Bg7 8.e4 O-O
9.Bd3 a6 10.a4 Nbd7 11.O-O Re8 12.Re1 Qc7 13.Bf4 b6 14.Qd2 Bb7 15.Bc4 Nh5
16.Bh2 h6 17.g4 Nhf6 18.Rad1 h5 19.g5 Nh7 20.Bg3 Re7 21.Re2 Rae8 22.Rde1 Bc8
23.Kh2 b5 24.e5 h4 25.Bf4 Nxe5 26.Bxe5 Qd7 27.Bxg7 Qxh3+ 28.Kg1 Qg4+ 29.Kh2 Qh3+
30.Kg1 Bg4 31.Nh2 Bxe2 32.Bxe2 Kxg7 33.axb5 Re5 34.f4 Re3 35.Kh1 axb5 36.Nxb5 Rg3
37.Bf1 Rxe1 38.Qxe1 Qf5 39.Qd2 Qe4+ 40.Bg2 Qb1+ 41.Bf1 Qe4+ 42.Bg2 Qe7 43.Nc3 Re3
44.Ng4 Re1+ 45.Kh2 f6 46.gxf6+ Nxf6 47.Nxf6 Kxf6 48.b4 cxb4 49.Qd4+ Kf7 50.Ne4 b3
51.Qb4 Re3 52.Ng5+ Kg8 53.Ne6 Rg3 54.Qb8+ Kh7 55.Ng5+ Kg7 56.Ne6+ Kh7 57.Ng5+ Rxg5
58.fxg5 Qe5+ 59.Kh1 Qe1+ 60.Kh2 Qe5+ 61.Kh1 b2 62.Qb7+ Kg8 63.Qb8+ Kf7 64.Qb7+ Ke8
65.Qb8+ Ke7  1/2-1/2

[Event "VII Dos Hermanas Internet"]
[Site "ICC INT"]
[Date "2006.03.24"]
[Round "1.2"]
[White "Nakamura,H"]
[Black "Laxman,R"]
[Result "0-1"]
[WhiteElo "2644"]
[BlackElo "2418"]

1.d4 Nf6 2.Bg5 Ne4 3.Bf4 c5 4.f3 Qa5+ 5.c3 Nf6 6.d5 d6 7.e4 g6 8.Na3 Bg7
9.Nc4 Qd8 10.a4 O-O 11.Ne2 Nh5 12.Be3 b6 13.g4 Nf6 14.Ng3 e6 15.dxe6 Bxe6
16.Qxd6 Qc8 17.g5 Nfd7 18.Qf4 Nc6 19.Rd1 Nde5 20.Nxe5 Nxe5 21.Be2 f6 22.O-O fxg5
23.Qxg5 Bf6 24.Qh6 Nf7 25.Qf4 Bg5 26.Qxg5 Nxg5 27.Bxg5 Qc7 28.f4 c4 29.f5 gxf5
30.exf5 Qc5+ 31.Rd4 Bxf5 32.Bxc4+ Kh8 33.b4 Qe5 34.Bh6 Bh3 35.Rfd1 Rae8 36.Be2 Rg8
37.Kh1 Rxg3 38.hxg3 Qxe2 39.R1d2 Qf1+ 40.Kh2 Bf5 41.Rd8 Qh3+ 42.Kg1 Qxg3+
43.Rg2 Qxg2+ 44.Kxg2 Rxd8  0-1

[Event "VII Dos Hermanas Internet"]
[Site "ICC INT"]
[Date "2006.03.24"]
[Round "2.2"]
[White "Nakamura,H"]
[Black "Ganguly,S"]
[Result "1-0"]
[WhiteElo "2644"]
[BlackElo "2579"]

1.c4 e5 2.Nc3 Nf6 3.g3 d5 4.cxd5 Nxd5 5.Bg2 Nb6 6.Nf3 Nc6 7.a3 Be7 8.d3 Be6
9.O-O O-O 10.Bd2 Qd7 11.Rc1 Bh3 12.Na4 Rad8 13.Nc5 Bxc5 14.Rxc5 f6 15.Qc2 Bxg2
16.Kxg2 Rfe8 17.Be3 Kh8 18.b4 Nd5 19.Rc1 Nce7 20.Bd2 c6 21.Qb3 a6 22.a4 Nc7
23.R5c4 Nf5 24.Nh4 Nd4 25.Qd1 Qd5+ 26.Kg1 e4 27.Be3 Nf5 28.Rc5 Nxe3 29.fxe3 Qd7
30.d4 Nd5 31.Qd2 Qg4 32.b5 axb5 33.axb5 cxb5 34.Rxb5 b6 35.Ng2 Qd7 36.Qb2 Rc8
37.Rxc8 Rxc8 38.Qb3 Rd8 39.Kf2 g5 40.Ke1 Kg7 41.Kd2 Qc6 42.Ne1 h6 43.g4 Qd7
44.Nc2 Qc6 45.Ke1 Qd7 46.h3 Qc6 47.Kd2 Rd6 48.Na3 Rd8 49.Ke1 Rd6 50.Nc4 Re6
51.Kf2 Qb7 52.Na5 Qc7 53.Qxd5 Qh2+ 54.Ke1 Re7 55.Rxb6 Rc7 56.Rc6 Ra7 57.Qc5 Qg1+
58.Kd2 Rf7 59.Rc7 Qa1 60.Rxf7+ Kxf7 61.Qc3 Qa2+ 62.Kc1 Qxe2 63.Qc4+ Qxc4+
64.Nxc4 f5 65.Nd6+ Ke6 66.Nxf5  1-0

[Event "VII Dos Hermanas Internet"]
[Site "ICC INT"]
[Date "2006.03.24"]
[Round "2.4"]
[White "Nakamura,H"]
[Black "Ganguly,S"]
[Result "0-1"]
[WhiteElo "2644"]
[BlackElo "2579"]

1.c4 e5 2.Nc3 Nf6 3.g3 d5 4.cxd5 Nxd5 5.Bg2 Nb6 6.d3 Be7 7.Be3 O-O 8.Rc1 Kh8
9.Nf3 Nc6 10.O-O f5 11.Na4 Bd6 12.a3 f4 13.Bc5 Bg4 14.b4 Qd7 15.Nc3 Bh3 16.Ne4 Bxg2
17.Kxg2 Nd5 18.Bxd6 cxd6 19.Qb3 Nce7 20.d4 fxg3 21.fxg3 exd4 22.Nxd4 Qg4
23.Qd3 Nf4+ 24.Rxf4 Rxf4 25.Nf2 Rxf2+ 26.Kxf2 Rf8+ 27.Kg2 Ng6 28.Rf1 Rxf1
29.Kxf1 Ne5 30.Qc2 h6 31.Nb5 d5 32.Nd6 Nc4 33.Nxc4 dxc4 34.Kf2 b5 35.Ke3 Qg5+
36.Kd4 Qf6+ 37.Kc5 Qe5+ 38.Kc6 a6 39.Kb7 Qd6 40.Qe4 c3 41.Qc2 Qd2 42.Qe4 c2
43.Qe8+ Kh7 44.Qe4+ Kh8 45.Qe8+ Kh7 46.Qe4+ Kh8 47.Kxa6 Qd6+  0-1

[Event "VII Dos Hermanas Internet"]
[Site "ICC INT"]
[Date "2006.03.24"]
[Round "2.1"]
[White "Ganguly,S"]
[Black "Nakamura,H"]
[Result "1-0"]
[WhiteElo "2579"]
[BlackElo "2644"]

1.e4 c5 2.Nf3 d6 3.d4 cxd4 4.Nxd4 Nf6 5.Nc3 a6 6.Be2 b5 7.a4 b4 8.Nd5 Bb7
9.Nxf6+ gxf6 10.O-O e6 11.Bh5 Qd7 12.Qg4 Nc6 13.Qxe6+ Qxe6 14.Nxe6 Rc8 15.Nxf8 Rxf8
16.Bh6 Rg8 17.Rad1 Ne5 18.Rxd6 Bxe4 19.g3 Ke7 20.Rxa6 Rxc2 21.Re1 Bd5 22.Bf4 Kf8
23.Rxf6 Nd3 24.Bh6+ Rg7 25.Rd1 b3 26.Rxd3 Ke7 27.Bxg7  1-0

[Event "VII Dos Hermanas Internet"]
[Site "ICC INT"]
[Date "2006.03.24"]
[Round "2.3"]
[White "Ganguly,S"]
[Black "Nakamura,H"]
[Result "1-0"]
[WhiteElo "2579"]
[BlackElo "2644"]

1.e4 e6 2.d4 d5 3.Nc3 Nf6 4.Bg5 Bb4 5.e5 h6 6.Be3 Ne4 7.Qg4 g5 8.h4 h5 9.hxg5 hxg4
10.Rxh8+ Bf8 11.Nxe4 dxe4 12.Ne2 Kd7 13.O-O-O c6 14.Ng3 Qe7 15.Nxe4 Kc7 16.Rh7 Nd7
17.g6 Qe8 18.Rxf7 Be7 19.Nf6 Bxf6 20.exf6 Qg8 21.Bf4+ Kb6 22.Bd3 Nxf6 23.Bc7+  1-0

[Event "Foxwoods Open"]
[Site "Ledyards USA"]
[Date "2006.04.12"]
[Round "1"]
[White "Mandiza,F"]
[Black "Nakamura,H"]
[Result "1-0"]
[WhiteElo "2256"]
[BlackElo "2664"]

1.d4 e6 2.c4 b6 3.Nc3 Bb4 4.e3 Bxc3+ 5.bxc3 Ne7 6.Qf3 d5 7.cxd5 exd5 8.Bd3 O-O
9.Ne2 Ba6 10.Bc2 Ng6 11.h4 Re8 12.h5 Nf8 13.Ba3 c5 14.O-O cxd4 15.cxd4 Nbd7
16.Rfc1 Bxe2 17.Qxe2 Qg5 18.Ba4 Re4 19.Rc7 Nc5 20.Qf3 Nce6 21.Rxf7 g6 22.Bc6 Rc8
23.Rxa7  1-0

[Event "Foxwoods Open"]
[Site "Ledyards USA"]
[Date "2006.04.13"]
[Round "2"]
[White "Nakamura,H"]
[Black "Bick,J"]
[Result "1-0"]
[WhiteElo "2664"]
[BlackElo "2238"]

1.e4 e5 2.Nf3 Nf6 3.Nxe5 d6 4.Nf3 Nxe4 5.Bd3 d5 6.O-O Be7 7.Re1 Nd6 8.Nc3 c6
9.Qe2 Nd7 10.b4 Nf8 11.Nd4 Ne6 12.Nxe6 Bxe6 13.Qh5 Qd7 14.Bb2 Bf6 15.Rab1 Kf8
16.h3 Nf5 17.Na4 g6 18.Nc5 gxh5 19.Nxd7+ Bxd7 20.Bxf6 Rg8 21.Re5 Nd4 22.Rxh5 Nf3+
23.Kh1 Nxd2 24.Rd1  1-0

[Event "Foxwoods Open"]
[Site "Ledyards USA"]
[Date "2006.04.13"]
[Round "3"]
[White "Weser,A"]
[Black "Nakamura,H"]
[Result "0-1"]
[WhiteElo "2104"]
[BlackElo "2664"]

1.d4 Nf6 2.c4 g6 3.Nc3 d5 4.Nf3 Bg7 5.Bg5 Ne4 6.cxd5 Nxg5 7.Nxg5 c6 8.Nf3 cxd5
9.e3 O-O 10.Bd3 Nc6 11.O-O e5 12.dxe5 Nxe5 13.Be2 Be6 14.Nd4 Nc6 15.Bf3 Nxd4
16.exd4 Qd7 17.Qb3 Rfd8 18.Rfd1 Rac8 19.Be2 Bh6 20.Na4 b6 21.Ba6 Rc7 22.Nc3 Qe7
23.Nb5 Rc6 24.Re1 Rc4 25.a3 Qd7 26.Rad1 Bg7 27.Re3 h5 28.Rc3 h4 29.Qc2 h3
30.b3 Bf5 31.Qd2 Rxc3 32.Qxc3 hxg2 33.Qg3 Qe7 34.Rc1 Bh6 35.Rc7 Qe1+ 36.Kxg2 Be4+
37.f3 Qe2+ 38.Kh3 Bf5+ 39.Kh4 g5+ 40.Kh5 Qe6  0-1

[Event "Foxwoods Open"]
[Site "Ledyards USA"]
[Date "2006.04.14"]
[Round "5"]
[White "Anderson,R"]
[Black "Nakamura,H"]
[Result "0-1"]
[WhiteElo "2261"]
[BlackElo "2664"]

1.e4 e6 2.d4 d5 3.Nc3 Nf6 4.Bg5 Bb4 5.Ne2 h6 6.Bxf6 Qxf6 7.a3 Ba5 8.Qd3 dxe4
9.Qxe4 O-O 10.f4 Bd7 11.O-O-O Nc6 12.g4 Ne7 13.Rg1 Bc6 14.Qe3 Nd5 15.Nxd5 exd5
16.Ng3 Rfe8 17.Qf3 g6 18.Bd3 Bb6 19.c3 Ba4 20.Bc2 Bxc2 21.Kxc2 c6 22.h4 Bc7
23.Rdf1 Qxh4 24.Rh1 Qe7 25.Rxh6 Qe3 26.Qh1 Qxg3 27.Rh8+ Kg7 28.Qh6+ Kf6 29.Rh7 Rf8
30.g5+ Ke7 31.Qxg6 Qg2+ 32.Kb3 Qxf1 33.Qf6+ Ke8 34.g6 Qc4+ 35.Kc2 Qe2+ 36.Kb3 Qe7  0-1

[Event "Foxwoods Open"]
[Site "Ledyards USA"]
[Date "2006.04.15"]
[Round "7"]
[White "Nakamura,H"]
[Black "Zapata,A"]
[Result "0-1"]
[WhiteElo "2664"]
[BlackElo "2470"]

1.e4 c5 2.Nf3 e6 3.d4 cxd4 4.Nxd4 Nc6 5.Nc3 Qc7 6.Be3 a6 7.Qd2 Nf6 8.O-O-O Be7
9.f3 O-O 10.g4 Rd8 11.Qf2 b5 12.g5 Ne8 13.Nb3 Rb8 14.f4 Nd6 15.Bd3 Nb4 16.Kb1 Nc4
17.Bc1 d5 18.e5 Bb7 19.Ne2 d4 20.Rhe1 Ne3 21.Rd2 Nexc2 22.Bxc2 d3 23.Bd1 dxe2
24.Rexe2 Rbc8 25.Qe3 Bd5 26.a3 Bxb3 27.Rxd8+ Rxd8 28.Bxb3 Rd3 29.Qe4 Rxb3
30.axb4 Rxb4 31.Qa8+ Bf8 32.Qxa6 Qc4 33.Rc2 Qd3 34.Qc6 Rc4 35.Qg2 h6 36.h4 h5
37.Qe2 Qf5 38.Be3 Bc5 39.Bc1 Rxc2 40.Qxc2 Bf2 41.Qxf5 exf5 42.Kc2 Bxh4 43.Kd3 Bf2
44.Ke2 Bd4 45.b3 Kf8 46.Bd2 Ke8 47.Be1 Kd7 48.Kd3 Bg1 49.Bg3 Kc6 50.g6 fxg6
51.Bh4 Kd5 52.Bg5 Bc5 53.Ke2 Ke6  0-1

[Event "34th World Open"]
[Site "Philadelphia USA"]
[Date "2006.06.30"]
[Round "3"]
[White "Milman,L"]
[Black "Nakamura,H"]
[Result "0-1"]
[WhiteElo "2478"]
[BlackElo "2664"]

1.e4 Nf6 2.e5 Nd5 3.d4 d6 4.Nf3 g6 5.Bc4 Nb6 6.Bb3 Bg7 7.Ng5 d5 8.Be3 f6
9.Nf3 Nc6 10.exf6 exf6 11.O-O O-O 12.Re1 Re8 13.Nbd2 Na5 14.c3 Nxb3 15.Qxb3 Be6
16.Qc2 Bf5 17.Qc1 c6 18.b3 g5 19.Nf1 Qd7 20.Ng3 Bg6 21.h4 h6 22.hxg5 hxg5
23.Nh2 Bh6 24.Bd2 Rxe1+ 25.Qxe1 Nc8 26.Qe2 Nd6 27.Ng4 Bg7 28.Qf3 Qf7 29.Re1 a5
30.Re3 a4 31.Qe2 axb3 32.axb3 Ra1+ 33.Kh2 Bf8 34.Nh6+ Bxh6 35.Re7 Bd3 36.Rxf7 Bxe2
37.Rxf6 Bf8 38.c4 dxc4 39.Nxe2 Ne4 40.Rxf8+ Kxf8 41.Bb4+ Kf7 42.bxc4 Ra4  0-1

[Event "34th World Open"]
[Site "Philadelphia USA"]
[Date "2006.07.01"]
[Round "4"]
[White "Nakamura,H"]
[Black "Benjamin,Joe"]
[Result "1-0"]
[WhiteElo "2664"]
[BlackElo "2565"]

1.e4 Nf6 2.e5 Nd5 3.c4 Nb6 4.d4 d6 5.f4 dxe5 6.fxe5 Nc6 7.Be3 Bf5 8.Nc3 e6
9.Nf3 Bg4 10.Qd2 Bxf3 11.gxf3 Qh4+ 12.Bf2 Qh5 13.c5 Qxf3 14.Rg1 Nd5 15.Bg2 Qf4
16.Nxd5 Qxd2+ 17.Kxd2 exd5 18.Bxd5 Rd8 19.Bxc6+ bxc6 20.Kc3 f5 21.b4 Kd7
22.a4 Rb8 23.Kc4 a6 24.Rge1 Ke6 25.Rab1 Be7 26.b5 axb5+ 27.axb5 cxb5+ 28.Rxb5 c6
29.Rb6 Rxb6 30.cxb6 Rb8 31.Rb1 g5 32.b7 Kd7 33.d5 cxd5+ 34.Kxd5 Kc7 35.Bb6+ Kxb7
36.Bc5+ Kc7  1-0

[Event "34th World Open"]
[Site "Philadelphia USA"]
[Date "2006.07.03"]
[Round "6"]
[White "Nakamura,H"]
[Black "Kunte,A"]
[Result "1-0"]
[WhiteElo "2664"]
[BlackElo "2536"]

1.e4 c5 2.Nf3 e6 3.d4 cxd4 4.Nxd4 a6 5.Bd3 Bc5 6.Nb3 Ba7 7.Qg4 Nf6 8.Qg3 d6
9.Nc3 Nc6 10.O-O Ne5 11.Kh1 O-O 12.Bg5 Ng6 13.Rad1 Nh5 14.Qg4 Nf6 15.Qe2 h6
16.Bxf6 Qxf6 17.f4 b5 18.a3 Rb8 19.Na5 Bb7 20.f5 Ne5 21.fxe6 Qxe6 22.Nxb7 Rxb7
23.Nd5 Re8 24.Rde1 Qg4 25.Qd2 Qg5 26.Qe2 Qg4 27.b4 Qxe2 28.Rxe2 Rc8 29.h3 Bd4
30.Rb1 Kf8 31.Rd2 Nc4 32.Bxc4 Rxc4 33.Re2 Rb8 34.Rb3 Re8 35.g4 Ba7 36.Rc3 Rd4
37.Nc7 Rexe4 38.Rxe4 Rxe4 39.Nxa6 Bd4 40.Rd3 Be5 41.Nc7 Re1+ 42.Kg2 Re2+
43.Kf3 Rxc2 44.Nxb5 Ke7 45.Ke4 Ke6 46.Rxd6+ Bxd6 47.Nd4+ Kd7 48.Nxc2 g6 49.Nd4 Bg3
50.Kd5 h5 51.gxh5 gxh5 52.a4 Kc7 53.Nb5+ Kd7 54.a5  1-0

[Event "34th World Open"]
[Site "Philadelphia USA"]
[Date "2006.07.04"]
[Round "9"]
[White "Roussel Roozmon,T"]
[Black "Nakamura,H"]
[Result "0-1"]
[WhiteElo "2419"]
[BlackElo "2664"]

1.Nf3 Nf6 2.c4 g6 3.Nc3 Bg7 4.e4 d6 5.d4 O-O 6.Be2 e5 7.dxe5 dxe5 8.Qxd8 Rxd8
9.Bg5 Nbd7 10.O-O-O Rf8 11.Nd5 c6 12.Ne7+ Kh8 13.Be3 Re8 14.Nxc8 Raxc8 15.g4 Nf8
16.Nd2 Ne6 17.g5 Nd7 18.Nb3 Rc7 19.Bg4 Bf8 20.Bxe6 Rxe6 21.Rd3 c5 22.Nd2 f5
23.f3 f4 24.Bf2 h6 25.gxh6 g5 26.Nb1 Rxh6 27.Nc3 b6 28.Kd2 Rb7 29.Ke2 Nf6
30.Rd8 Kg7 31.Nd5 Be7 32.Rc8 Rh3 33.Rg1 Nxd5 34.exd5 Rxh2 35.d6 Bf6 36.Rc7+ Rxc7
37.dxc7 Rh8 38.Kd3 Rc8 39.Ke4 Rxc7 40.Be1 Kg6 41.Rh1 Rd7 42.Bc3 g4 43.fxg4 Kg5
44.a4 a5 45.Rh5+ Kxg4 46.Rf5 Bg7  0-1

[Event "37th National Chess Congress"]
[Site "Philadelphia USA"]
[Date "2006.11.24"]
[Round "1"]
[White "Nakamura,H"]
[Black "Kis,L"]
[Result "1-0"]
[WhiteElo "2640"]
[BlackElo "2190"]

1.d4 g6 2.e4 Bg7 3.Nc3 d6 4.Bg5 c6 5.Qd2 Qa5 6.f4 b5 7.Nf3 Bg4 8.Be2 b4 9.Nd1 d5
10.e5 e6 11.a3 Bf8 12.O-O h6 13.Bh4 c5 14.Ne3 Bxf3 15.axb4 Qxb4 16.Qxb4 cxb4
17.Bb5+ Nd7 18.Rxf3 a5 19.Be1 Rd8 20.c4  1-0

[Event "37th National Chess Congress"]
[Site "Philadelphia USA"]
[Date "2006.11.25"]
[Round "4"]
[White "Ivanov,AV USA"]
[Black "Nakamura,H"]
[Result "0-1"]
[WhiteElo "2587"]
[BlackElo "2640"]

1.e4 e6 2.d4 d5 3.Nd2 dxe4 4.Nxe4 Nf6 5.Nxf6+ gxf6 6.Nf3 b6 7.Bb5+ c6 8.Bc4 Bb7
9.Bf4 Bd6 10.Bg3 Qe7 11.O-O Nd7 12.Re1 O-O-O 13.a4 a5 14.c3 Nf8 15.Qb3 Bc7
16.Bf1 h5 17.Nh4 Rg8 18.Nf5 Qd7 19.Ne3 Kb8 20.Rad1 f5 21.Nc4 Ka7 22.Bh4 Rc8
23.Ne5 Qe8 24.c4 c5 25.f3 cxd4 26.Bf2 f6 27.Nd3 Qc6 28.Bxd4 Qd6 29.Qc3 Bxf3  0-1

[Event "16th North American Open"]
[Site "Las Vegas USA"]
[Date "2006.12.27"]
[Round "3"]
[White "Khachiyan,M"]
[Black "Nakamura,H"]
[Result "0-1"]
[WhiteElo "2462"]
[BlackElo "2640"]

1.e4 Nf6 2.e5 Nd5 3.d4 d6 4.Nf3 g6 5.Bc4 Nb6 6.Bb3 Bg7 7.O-O O-O 8.h3 Nc6
9.Qe2 Na5 10.Bg5 d5 11.c3 f6 12.Bf4 g5 13.Bg3 Nxb3 14.axb3 Bf5 15.Nh2 c6
16.Nd2 Qe8 17.exf6 exf6 18.Qxe8 Rfxe8 19.f4 Bd3 20.Rf2 h6 21.fxg5 hxg5 22.h4 gxh4
23.Bxh4 Re6 24.Ng4 Nd7 25.Rf3 Be2 26.Rg3 Kf7 27.Nf3 Rh8 28.Bg5 a6 29.Kf2 c5
30.Be3 Bxf3 31.Rxf3 Re4 32.Kg3 Bf8 33.Bf4 cxd4 34.cxd4 Rxd4 35.Ne5+ Ke6 36.Nxd7 Kxd7
37.Rc1 Rxf4 38.Rxf4 Bd6 39.Kf3 Bxf4 40.Kxf4 Rc8 41.Rd1 Rc2 42.Rxd5+ Kc6 43.Rf5 Rxg2
44.Ke4 Rxb2 45.Rf3 Kc5  0-1

[Event "16th North American Open"]
[Site "Las Vegas USA"]
[Date "2006.12.28"]
[Round "4"]
[White "Nakamura,H"]
[Black "Sharavdorj,D"]
[Result "1/2-1/2"]
[WhiteElo "2640"]
[BlackElo "2463"]

1.d4 Nf6 2.c4 e6 3.Nf3 d5 4.g3 Bb4+ 5.Nbd2 O-O 6.Bg2 b6 7.a3 Be7 8.b4 Bb7
9.c5 a5 10.Bb2 axb4 11.axb4 Rxa1 12.Bxa1 Ba6 13.O-O Bb5 14.Nb1 Qc8 15.Nc3 Qa6
16.Ne5 Nc6 17.Nxb5 Qxb5 18.Nxc6 Qxc6 19.Qd3 b5 20.f3 Ra8 21.e4 Ra4 22.Bc3 Qa6
23.e5 Nd7 24.f4 f5 25.g4 g6 26.gxf5 gxf5 27.Kh1 Nf8 28.Bf3 Ng6 29.Rg1 Ra2
30.Bh5 Qa4 31.Bxg6 hxg6 32.Rxg6+ Kf7 33.Rg2 Qb3 34.Rxa2 Qxa2 35.Bd2 Qa1+
36.Kg2 Qd1 37.h3 Bh4 38.Qe3 c6 39.Bc3 Qc2+ 40.Kf1 Qd1+  1/2-1/2

[Event "16th North American Open"]
[Site "Las Vegas USA"]
[Date "2006.12.28"]
[Round "5"]
[White "Yanayt,E"]
[Black "Nakamura,H"]
[Result "0-1"]
[WhiteElo "2261"]
[BlackElo "2640"]

1.Nf3 f5 2.c4 Nf6 3.g3 d6 4.Bg2 g6 5.O-O Bg7 6.Nc3 Nc6 7.Rb1 a5 8.a3 e5 9.d3 O-O
10.b4 axb4 11.axb4 h6 12.b5 Ne7 13.c5 Be6 14.b6 dxc5 15.bxc7 Qxc7 16.Nb5 Qd8
17.Nxe5 Ba2 18.Ra1 Nfd5 19.Ba3 Ra5 20.Rxa2 Rxb5 21.d4 Nc3 22.Qd3 Qxd4 23.Qxd4 cxd4
24.Bxe7 Re8 25.Rd2 Rxe5 26.Bd6 R5e6 27.Bb4 Nxe2+ 28.Kh1 Rb6 29.Ba3 Rb5 30.h4 g5
31.Kh2 gxh4 32.Re1 hxg3+ 33.fxg3 Rbe5 34.Bd6 Re3 35.Bxb7 Nxg3 36.Rg1 Ne2
37.Rg2 Kh7 38.Ba6 Nc3 39.Bf4 Rf3 40.Bg3 Ne4  0-1

[Event "1st ACP World Rapid Cup"]
[Site "Odessa UKR"]
[Date "2007.01.05"]
[Round "1.1"]
[White "Gelfand,B"]
[Black "Nakamura,H"]
[Result "1-0"]
[WhiteElo "2733"]
[BlackElo "2651"]

1.d4 Nf6 2.c4 g6 3.Nc3 d5 4.Nf3 Bg7 5.Bg5 Ne4 6.Bf4 Nxc3 7.bxc3 dxc4 8.e3 Be6
9.Qb1 Qc8 10.Ng5 Bd7 11.Bxc4 e6 12.h4 h6 13.Ne4 Bc6 14.O-O Nd7 15.Bb5 Bxe4
16.Qxe4 c6 17.Be2 O-O 18.Bd6 Re8 19.Qf3 Qd8 20.Rab1 Nb6 21.Bg3 e5 22.h5 g5
23.Bd3 Qd5 24.Be4 Qe6 25.Qf5 Qxf5 26.Bxf5 Re7 27.Rb4 Rd8 28.Rfb1 Rd5 29.c4 Rd8
30.c5 Nd5 31.Rxb7 Rxb7 32.Rxb7 exd4 33.exd4 Bxd4 34.Bd6 Re8 35.Kf1 Bc3 36.Rb8 Rxb8
37.Bxb8 a5 38.Bd7 Nb4 39.a3 Nd3 40.Bxc6 Bd4 41.Bb5 Nxc5 42.Bc7 Bc3 43.Bb6 Ne6
44.g3 Kg7 45.Bd7 Nd4 46.Bd8 Bb2 47.a4 Bc3 48.Kg2 Bb4 49.Bb6 Bc3 50.f4 gxf4
51.gxf4 Nb3 52.Kf3 Bb4 53.Bb5 Nc5 54.Ke3 Kf6 55.Kd4 Ne6+ 56.Ke4 Nc5+ 57.Kd5 Ne6
58.Be3 Be1 59.Bd3 Bg3 60.Ke4 Be1 61.f5 Nf8 62.Bxh6 Nd7 63.Be3 Bc3 64.h6 Ne5
65.Be2 Nd7 66.Bd4+ Bxd4 67.Kxd4 Nf8 68.Kc5 Kg5 69.Kb5 Kxh6 70.Kxa5 Kg5 71.Bd3 Kf6
72.Kb5 Ke5 73.Kc6  1-0